000 00309nam a22001217a 4500
008 170919b xxu||||| |||| 00| 0 eng d
041 _aeng
080 _a7
100 _a44
101 _aART
245 _aTHE EMANCIPATION OF COLOR THE MUSEUM OF MODERN ART NEW YORK
_cGOGH.J
942 _2udc
_cBK
999 _c28142
_d28142